• 首页
  • 本馆介绍
  • 公告通知
  • 最新文献
  • 馆藏检索
  • 电子资源
  • 读者导购
  • 参考咨询
  • 我的图书馆
  • 登录
  • 详细信息显示
  • 放入我的书架
  • 预约/预借图书
  • 作者相关作品
  • 分类相关作品
  • 丛书相关作品
  • 出版社相关作品

书目信息

  • 表格格式
  • 工作单格式
  • 卡片格式
题名:
中医病后调养
    
 
作者: 孔炳耀 编著
分册:  
出版信息: 广州   广东旅游出版社  2002
页数: 256页
开本: 20cm
丛书名: 中医家庭保健系列
单 册:
中图分类: R242
科图分类:
主题词: 常见病--中医治疗法 , 常见病 , 中医治疗法
电子资源:
ISBN: 7-80521-567-7
000 01176nam0 2200373 450
000 01141nam0 2200361 450
000 01104nam0 2200349 450
000 01064nam0 2200337 450
000 00993oam2 2200313 450
001 002356277
005 20030804081612.0
010    @a7-80521-567-7@dCNY14.00
092    @aCN@b510160
100    @a20030512d2002 em y0chiy0110 ea
101 0  @achi
102    @aCN@b440000
105    @ay z 000yy
106    @ar
200 1  @a中医病后调养@Azhong yi bing hou diao yang@f孔炳耀编著@Fkong bing yao bian zhu
205    @a2版
210    @a广州@c广东旅游出版社@d2002
215    @a256页@d20cm
225 2  @a中医家庭保健系列
330    @a本书阐述了各类疾患的病后调养原则,并以病后的起居、饮食、运动之宜忌为主,介绍了对52种常见病的自我疗法,包括最新的医疗研究成果和多年的临床经验。
461  0 @1001002362931@12001 @a中医家庭保健系列
606 0  @a常见病@x中医治疗法
606 0  @a常见病
606 0  @a中医治疗法
690    @aR242@v4
701  0 @a孔炳耀@Akong bing yao@4编著
801  0 @aCN@bNLC@c20030805
905    @aBZT@dR242@e11
906    @dCNY14.00@n0@r1
    
    中医病后调养/孔炳耀编著.-2版.-广州:广东旅游出版社,2002
    256页;20cm.-(中医家庭保健系列)
    
    
    ISBN 7-80521-567-7:CNY14.00
    本书阐述了各类疾患的病后调养原则,并以病后的起居、饮食、运动之宜忌为主,介绍了对52种常见病的自我疗法,包括最新的医疗研究成果和多年的临床经验。
●
相关链接 在五车中查询图书 在当当中查询图书 在豆瓣中查询图书


正题名:中医病后调养     索取号:R242/11         预约/预借

序号 登录号 条形码 馆藏地/架位号 状态 备注
1 656298   2000656298   中心书库中库/ 中库003架A面2列5层36/ [索取号:R242/11] 在馆    
2 656299   2000656299   中心书库中库/ 中库003架A面2列5层39/ [索取号:R242/11] 在馆    
3 656300   2000656300   中心书库中库/ 中库003架A面2列5层37/ [索取号:R242/11] 在馆    
4 656301   2000656301   中心书库中库/ 中库003架A面2列5层33/ [索取号:R242/11] 在馆    
5 656302   2000656302   中心书库中库/ 中库003架A面4列3层46/ [索取号:R242/11] 在馆    
6 656303   2000656303   中心书库中库/ 中库003架A面2列4层23/ [索取号:R242/11] 在馆    
7 656304   2000656304   中心书库中库/ 中库003架A面4列3层45/ [索取号:R242/11] 在馆    
8 656305   2000656305   中心书库中库/ 中库003架A面2列5层38/ [索取号:R242/11] 在馆    
9 656306   2000656306   中心书库中库/ 中库003架A面2列5层35/ [索取号:R242/11] 在馆    
10 656307   2000656307   中心书库中库/ 中库003架A面2列5层34/ [索取号:R242/11] 在馆    
山东省滨州职业学院图书馆 欢迎您!
大连网信软件有限公司© 版权所有